000 00576nam a22002052 4500
001 0000020511
005 20151217152216.0
008 110920s xx 000 0 eng d
020 _a0853695695 :
040 _aKABU
_cKABU
100 1 _aMason, Pamela.
_@0000180654
245 1 0 _aLocum pharmacy :
_ba survival guide /
_cPamela Mason.
250 _a2nd ed.
260 _aLondon :
_bPhP,
_c2004.
300 _axvi, 135 p.
650 0 _aPharmacy
_xPractice.
_@0000180843
852 1 _9p2500 KES
908 _a110920
950 _@1
999 _c9373
_d9373